[Event "Vigevano U20 op 4th"]
[Site "Vigevano"]
[Date "2025.06.02"]
[Round "7"]
[White "Sason, Noam"]
[Black "Sertorio, Yussef Lorenzo"]
[Result "1-0"]
[WhiteElo "2174"]
[BlackElo "1956"]
[PlyCount "51"]
[EventDate "2025.05.31"]
[EventType "swiss"]
[EventRounds "7"]
[EventCountry "ITA"]
[SourceTitle "CB23_2025"]
[SourceDate "2025.06.04"]
[SourceVersion "1"]
[SourceVersionDate "2025.06.04"]
[SourceQuality "1"]

1. e4 c5 2. Nc3 d6 3. g3 g6 4. Bg2 Bg7 5. f4 Nc6 6. Nf3 e6 7. d3 Nge7 8. 0-0 0-0 9. Be3 e5 10. Kh1 Nd4 11. Qd2 b6 12. Rae1 Bb7 13. g4 Nxf3 14. Bxf3 d5 15. exd5 Nxd5 16. fxe5 Bxe5 17. Bg5 Qd6 18. Nb5 Qe6 19. c4 f6 20. Bh6 Rfd8 21. cxd5 Bxd5 22. Qg2 Bxf3 23. Qxf3 Qd7 24. Rxe5 fxe5 25. Nd6 Qe7 26. Qd5+ 1-0